Statistics for Geographical Locations starting with B

Click here to take the quiz!

General Stats

  • This quiz has been taken 87 times
  • The average score is 20 of 26

Answer Stats

HintAnswer% Correct
A Spanish port and the capital of CataloniaBarcelona
97%
Portuguese-speaking country in South America.Brazil
95%
A sea in northern Europe, connected to the AtlanticBaltic
92%
A seaport in and the capital of Northern Ireland
Belfast
92%
The capital of Massachusetts, USABoston
91%
Former name of Mumbai, the state capital of Maharashtra, IndiaBombay
90%
Island off the western coast of Europe, consisting of England, Scotland and WalesBritain
89%
Large city and State capital of Queensland, AustraliaBrisbane
87%
The official London residence of the British monarch{Buckingham} {Palace}
86%
Brooklyn
86%
The sea between Siberia and Alaska{Bering} Sea
85%
An inland sea between southeastern Europe, Caucasus and Asia Minor{Black} Sea
82%
Boroughs of New York CityBronx
81%
Capital city in South AfricaBloemfontein
78%
Province in western Canada which has Victoria as its capital
{British} {Columbia}
75%
Posh, celebrity city within Los Angeles, California{Beverly} {Hills}
70%
The capital of the US state of IdahoBoise
70%
The capital of KyrgyzstanBishkek
68%
The capital city of MaliBamako
66%
U.K. overseas territory in the Caribbean{British} {Virgin} Islands
62%
Capital city of the province of West Flanders, BelgiumBruges
62%
The capital city of Saint Kitts and Nevis
Basseterre
62%
The state capital of Karnataka, IndiaBangalore
61%
A region of the former Czechoslovakia and present CzechiaBohemia
61%
The female personification of the above answer ⬆Britannia
54%
A Mediterranean sea port in North Africa, in what is today LibyaBenghazi
43%

Score Distribution

Percentile by Number Answered

Percent of People with Each Score

Your Score History

You have not taken this quiz